Daily Capital City Riddle #125 - Statistics

General Stats
  • This quiz has been taken 41 times
  • The average score is 26 of 31
Answer Stats
Type Answer % Correct
Found Letter A
100%
Alphabet Letter E
100%
Alphabet Letter I
100%
Alphabet Letter O
100%
Alphabet Letter L
97%
Alphabet Letter M
97%
Alphabet Letter R
97%
Correctly Placed Letter A
94%
Alphabet Letter N
94%
Alphabet Letter P
94%
Found Letter S
94%
Alphabet Letter D
91%
Alphabet Letter H
91%
Alphabet Letter T
91%
Alphabet Letter B
88%
Alphabet Letter C
88%
Alphabet Letter G
88%
Found Letter U
84%
Alphabet Letter K
81%
Alphabet Letter J
78%
Correctly Placed Letter S
78%
Alphabet Letter W
78%
Alphabet Letter Y
78%
Correctly Placed Letter U
75%
Found Letter V
72%
Alphabet Letter X
72%
Alphabet Letter F
69%
Alphabet Letter Q
66%
Mystery Capital Suva
66%
Correctly Placed Letter V
66%
Alphabet Letter Z
66%
No matching quizzes found
Score Distribution
Percent of People with Each Score
Percentile by Number Answered
Your Score History
You have not taken this quiz